00376nam a2200109Ia 4500008004100000245012700041260004900168260000900217300001000226500001400236650001600250170224s9999 xx 000 0 und d aIs group membership necessary for understanding generalized prejudice? A re-evaluation of why prejudices are interrelated. bJournal of Personality and Social Psychology c2016 a111:3 aSeptember xPsychology.